Estudio económico para la revisión del salario mínimo en la industria de construcción y reparación de materiales de transporte, de maquinaria y de aparatos eléctricos
Criterios para fijar el salario mínimo en el sector de construcción y reparación de material de transporte, maquinaria y aparatos eléctricos en Guatemala, encuesta aplicada en las empresas sobre situación financiera y número de trabajadores y sus salarios, para la fijación del salario mínimo, consid...
Zapisane w:
| Korporacja: | |
|---|---|
| Format: | Texto |
| Wydane: |
Guatemala:
MTPS
|
| Hasła przedmiotowe: | |
| Etykiety: |
Dodaj etykietę
Nie ma etykietki, Dołącz pierwszą etykiete!
|
MARC
| LEADER | 00000 a a2200000 04500 | ||
|---|---|---|---|
| 001 | 19811 | ||
| 003 | |||
| 040 | |||
| 090 | |a 080000 | ||
| 110 | |a Guatemala. Ministerio de Trabajo y Previsión Social. Comisión Nacional del Salario | ||
| 245 | |a Estudio económico para la revisión del salario mínimo en la industria de construcción y reparación de materiales de transporte, de maquinaria y de aparatos eléctricos | ||
| 260 | |a Guatemala: |b MTPS | ||
| 300 | |a 34 p. | ||
| 520 | |a Criterios para fijar el salario mínimo en el sector de construcción y reparación de material de transporte, maquinaria y aparatos eléctricos en Guatemala, encuesta aplicada en las empresas sobre situación financiera y número de trabajadores y sus salarios, para la fijación del salario mínimo, considerando el costo de la vida./ACM | ||
| 650 | |a GUATEMALA | ||
| 650 | |a SALARIO MINIMO | ||
| 650 | |a TRABAJADORES | ||
| 650 | |a COSTO DE LA VIDA | ||
| 650 | |a OBREROS DE LA CONSTRUCCION | ||
| 999 | |c 13419 |d 13419 | ||
